Epigrams /

Guardado en:
Bibliografiske detaljer
Hovedforfatter: Wilde, Oscar (autor)
Andre forfattere: Kredel, Fritz (ilustración) (ilustración)
Format: Bog
Sprog:engelsk
Fag:
Tags: Tilføj Tag
Ingen Tags, Vær først til at tagge denne postø!

MARC

LEADER 00000nam^a2200000^a^4500
001 000186952
005 20250521000000.0
009 20260310102243.986
037 |a Acervo ITESO - Biblioteca 
041 |a ING 
082 |a 821.  |b WIL 
100 |a Wilde, Oscar  |e (autor) 
245 1 0 |a Epigrams /  |c O. Wilde ; il. de F. Kredel. 
264 |a Nueva York, EUA :  |b Peter Pauper,  |c fecha no identificada 
300 |a 62 p. 
336 |a texto  |b txt  |2 rdacontenido 
337 |a sin mediación  |b n  |2 rdamedio 
338 |a volumen  |b nc  |2 rdasoporte 
545 0 |a Oscar Wilde (1854-1900), escritor irlandés nacido en Dublín. Alternó su residencia entre Londres y París, además frecuentó Italia, Grecia y el norte de Africa. Su obra es inseparable de su vida, atravesada lo mismo por el esteticismo, que por la conciliación y pugna entre la rebelión y el elogio a la sociedad victoriana. Fue condenado por homosexualidad a dos años de trabajos forzados en 1895; cumplida su pena, se refugió en Francia dónde murió. Entre sus creaciones podemos citar: Poemas (1881); El príncipe feliz (1888), que reeditó corregida como Una casa de granadas (1891); La decadencia de la mentira (1889); El crimen de lord Arthur Savile (1891); El retrato de Dorian Gray (1891); Intenciones (1891); Salomé (1891); El alma del hombre bajo el socialismo (1891), que contienen su doctrina estética; Un marido ideal (1895); La importancia de llamarse Ernesto (1895); y Balada de la cárcel de Reading (1898). 
649 |a XX 
650 |a Epigramas 
650 |a Poesía Irlandesa 
650 |a Literatura Irlandesa -  |y Siglo XIX 
650 |a Literatura en Inglés -  |z Irlanda 
700 |a Kredel, Fritz  |e (ilustración) 
910 |a Fondo General 
920 |a Impresos - Libros 
930 |a Colección General 
940 |a Literatura 
905 |a 101 
901 |a 0500129018  |b IT1  |c LIT  |u 20250521 
902 |a https://opac.biblio.iteso.mx/vufind/Record/000186952